Statistics for TV Stars - Multiple Shows #4 (SNL)

Click here to take the quiz!

General Stats

  • This quiz has been taken 7 times
  • The average score is 6 of 15

Answer Stats

HintAnswer% Correct
Saturday Night Live (2005-2012)/Brooklyn Nine-NineAndy Samberg
100%
Saturday Night Live (1983-1985)/According to JimJim Belushi
100%
Saturday Night Live (1998-2004)/The Tonight ShowJimmy Fallon
80%
All That/Saturday Night Live (2003-present, as of 2022)Kenan Thompson
80%
Saturday Night Live (1980-1984)/The PJsEddie Murphy
60%
Saturday Night Live (1981-1982)/The Marvelous Misadventures of FlapjackBrian Doyle-Murray
40%
Remote Control/Saturday Night Live (1996-2000)Colin Quinn
40%
Saturday Night Live (1975-1980)/The Adventures of Puss in BootsLaraine Newman
40%
Saturday Night Live (2001-2008)/Parks and RecreationAmy Pohler
20%
Saturday Night Live (2005-2013)/BarryBill Hader
20%
The Joe Schmo Show/Saturday Night Live (2005-2012)Kristen Wiig
20%
Saturday Night Live (1995-2000)/Puppy Dog PalsCheri Oteri
0%
Saturday Night Live (2010-2016)/Legends of Chamberlain HeightsJay Pahraoh
0%
Not the Nine O’Clock News/Saturday Night Live (1984-1985)Pamela Stephenson
0%
Saturday Night Live (2014-2017)/WokeSasheer Zamata
0%

Score Distribution

Percentile by Number Answered

Percent of People with Each Score

Your Score History

You have not taken this quiz